| 000 | 00437nam a2200133Ia 4500 | ||
|---|---|---|---|
| 008 | 230907s9999||||xx |||||||||||||| ||und|| | ||
| 082 |
_a612.82339 _bBRA |
||
| 100 |
_aBraverman, Eric R. _9115626 |
||
| 245 | 0 | _aYounger brain, sharper mind : | |
| 260 |
_aRodale : | Distributed to the trade by Macmillan, _bEmmaus, Pa. : _c2013 |
||
| 300 | _axviii, 285 p. ; | ||
| 650 |
_aPopular works. Popular works. Popular works. _9115627 |
||
| 942 | _cBK | ||
| 999 |
_c598991 _d598991 |
||